000 00497nam a22001937a 4500
003 MPLRDC
005 20220104160819.0
008 210129b ||||| |||| 00| 0 eng d
020 _a957-14-4400-1
082 _a855 CWQ-5
100 _a陈文茜
245 _a文茜语录
_c
250 _a一版一刷
260 _a台湾
_b时报文化出版企业股份有限公司
_c2005
300 _bCD一个
490 _aPEOPLE; 320
650 _a散文;随笔、日记
942 _cBK
_o855 CWQ-5
999 _c55181
_d55171